Places To Study

There are group study rooms, individual study carrels, computer labs, and other spaces to study in the Libraries.

Reserve A Group Room

Online Resources

Access thousands of eBooks, audiobooks, and online journals from the comfort of your home.

Explore Resources

Events and Workshops

Join our upcoming events and workshops to enhance your skills and knowledge.

View Events

A Study of Avijjā and Taṇhā (Ignorance and Craving) In Theravāda Buddhism / (Record no. 2465)

MARC details
000 -LEADER
fixed length control field 01744nam a22002177a 4500
003 - CONTROL NUMBER IDENTIFIER
control field OSt
005 - DATE AND TIME OF LATEST TRANSACTION
control field 20251113161841.0
008 - FIXED-LENGTH DATA ELEMENTS--GENERAL INFORMATION
fixed length control field 251113b |||||||| |||| 00| 0 eng d
040 ## - CATALOGING SOURCE
Transcribing agency DCL
082 ## - DEWEY DECIMAL CLASSIFICATION NUMBER
Classification number T-3 Ph.D.
100 0# - MAIN ENTRY--PERSONAL NAME
Personal name Kumāra,
Titles and words associated with a name Ashin
Numeration Dhamma-Pā-Eng-1(70)
245 ## - TITLE STATEMENT
Title A Study of Avijjā and Taṇhā (Ignorance and Craving) In Theravāda Buddhism /
Statement of responsibility, etc. Ashin Kumāra.
264 ## - PRODUCTION, PUBLICATION, DISTRIBUTION, MANUFACTURE, AND COPYRIGHT NOTICE
Place of production, publication, distribution, manufacture Mandalay :
Name of producer, publisher, distributor, manufacturer State Pariyatti Sāsana University,
Date of production, publication, distribution, manufacture, or copyright notice 2012.
500 ## - GENERAL NOTE
General note Sāsanatakkasīla Dhammapāragū Ph. D. Dissertation.
502 ## - DISSERTATION NOTE
Dissertation note This Dissertation is an attempt to solve the problem why beings in the world wander in Saṃsāra. In this dissertation, the Solution is given for the etymological study of Avijjā and Taṇhā and the meaning of Avijjā and Taṇhā based on the grammatical point of View. It is also described the nature of Avijjā and Taṇhā according to psychological and philosophical point of view. Then, it also mentions how the beings go on in Saṃsāra because of Avijjā and Taṇhā and how to eradicate Avijjā and Taṇhā through Sīla (Morality), Samādhi ( Concentration) and Paññā (wisdom) according to Theravāda Buddhism.
Degree type Ph.D
Year degree granted 2012.
504 ## - BIBLIOGRAPHY, ETC. NOTE
Bibliography, etc. note Includes Bibliographical notes.
505 ## - FORMATTED CONTENTS NOTE
Formatted contents note Includes Five Chapters. In Chapter I : An Etymological Study of Avijjā and Taṇhā<br/>Chapter II : A Psychological Study of Avijjā and Taṇhā.<br/>Chapter III : A Philosophical Study of Avijjā and Taṇhā.<br/>Chapter IV : Avijjā and Taṇhā, as Major Cause of Saṃsāra.<br/>Chapter V : The Buddhist Way Leading to the Final Cessation of Avijjā and Taṇhā <br/>Conclusion.<br/>Bibliography.
650 ## - SUBJECT ADDED ENTRY--TOPICAL TERM
Topical term or geographic name entry element Ph.D. Dissertation
650 ## - SUBJECT ADDED ENTRY--TOPICAL TERM
Topical term or geographic name entry element Avijjā and Taṇhā
General subdivision Theravada Buddhism.
942 ## - ADDED ENTRY ELEMENTS (KOHA)
Source of classification or shelving scheme Dewey Decimal Classification
Koha item type Thesis
Suppress in OPAC No
Holdings
Withdrawn status Lost status Source of classification or shelving scheme Damaged status Not for loan Collection Accession No. Home library Current library Shelving location Date acquired Total checkouts Full call number Barcode Date last seen Price effective from Koha item type
    Dewey Decimal Classification   Not For Loan Reference Collection T-3 Ph.D. Dhammadhara Dhammadhara Reference Shelves 13/11/2025   T-3 Ph.D. T-3 Ph.D. 13/11/2025 13/11/2025 Thesis